000
00278nam a2200121 i 4500
001
bg
245
0
_a
Vycilietel'naja matematika i programmirowanije.
260
_a
Tbilisi,
_c
1985.
040
_c
BPK
041
_a
pol
942
_c
KS
008
s pl f |000 0 pol
999
_c
28436
_d
28436